| 000 | 00777nam a2200253Ia 4500 | ||
|---|---|---|---|
| 003 | OSt | ||
| 005 | 20220926022509.0 | ||
| 006 | a|||||r|||| 00| 0 | ||
| 007 | ta | ||
| 008 | 220923b |||||||| |||| 00| 0 eng d | ||
| 037 | _cGeneral Book | ||
| 040 |
_aRTL _cRTL _beng |
||
| 041 |
_2eng _aeng |
||
| 082 | _aV1N45,933:8.N73, L3,14 | ||
| 110 |
_aUnited Nations. General Assembly. Official Record, 28th Session _9327934 |
||
| 245 | 0 | _aSupplement | |
| 260 |
_aNew York _bUnited Nations U. S. A. _c1973 |
||
| 300 |
_av, 35p. _ccm. |
||
| 490 | _vSupplement 14 | ||
| 650 | _aHistory | ||
| 700 |
_aUnited Nations. General Assembly. Official Record, 28th Session _9327935 |
||
| 942 |
_hV1N45,933:8.N73, L3,14 _cGB _2CC |
||
| 999 |
_c639618 _d639618 |
||